000
00266nam a22001217a 4500
008
171027b xxu||||| |||| 00| 0 eng d
041
_a
eng
080
_a
311
100
_a
55
101
_a
STA
245
_a
STATISTICAL QUALITY CONTROL
_c
GUPTA.R.C
942
_2
udc
_c
BK
999
_c
36000
_d
36000